000 00478cam a22001217a 4500
008 180718b1974 xxu||||| |||| 00| 0 eng d
082 _aA81x54 In2/71/15/Pt10A&B/3
100 _aCensus of India 1971
245 _aNagaland district census handbook, Tuensang: village and town directory and village and town primary census abstract
260 _aKohima
_bThe Government of Nagaland
_c1974
300 _a123+p.
440 _aCensus of India 1971. Series-15, Nagaland. Part X-A and X-B
999 _c485460
_d485460